00878cam a2200241 a 4500020001500000020002200015040000800037082002600045100002000071245002200091260007400113300002800187490006800215650002700283650001400310700001800324700001700342856006300359856005500422942000700477999001700484952013500501 a0521242762 a0521285763 (pbk.) cDLC00a823 CAM 1992 A120 Or.1 aLawrence, D. H.10aSons and lovers / aCambridge [England] ;aNew York :bCambridge University Press,c1992. alxxxi, 675 p. ;c23 cm.1 aThe Cambridge edition of the letters and works of D.H. Lawrence 0aWorking class families 0aYoung men1 aBaron, Helen.1 aBaron, Carl.42uhttp://www.loc.gov/catdir/description/cam024/91012669.html41uhttp://www.loc.gov/catdir/toc/cam028/91012669.html cEK c16522d16522 0010406823_000000000000000_CAM_1992_A110_OR70971313aLBAbLBAcA110d2018-03-05o823 CAM 1992 A110 Or.pA25915r2018-03-05yEK